Photos des années 2010 - Statistiques

Statistiques générales
  • Ce quiz a été pris 89 fois
  • Le résultat moyen est 6 sur 10
Statistiques - réponses
Hint Réponse % Correct
2018
- manifestation des gilets jaunes
- le président nord-coréen rencontre le président sud-coréen
- jeux olympiques d'hiver en Corée du Sud
71%
2016
- jeux olympiques de Rio de Janeiro
- le Royaume-Uni vote pour sortir de l'Union Européenne
- élection de Donald Trump
70%
2012
- sortie du tube Gangnam Style
- le calendrier maya avait prédit la fin du monde le 21 décembre
- jeux olympiques a Londres
68%
2019
- incendie de la cathédrale Notre-Dame de Paris
- début de la crise présidentielle au Venezuela
- manifestation en Iran et en Irak
68%
2010
- éruption du volcan Eyjafjallajökull en Islande, perturbant le trafic aérien européen
- coupe du monde en Afrique du Sud
- le président polonais décède lors d'un crash en avion
65%
2015
- attentats du 13 novembre a Paris
- accord de Paris pour le changement climatique
- un avion s'écrase volontairement dans les Alpes par le copilote suicidaire
65%
2017
- la Corée du Nord fait des test de missiles nucléaires
- le référendum sur l'indépendance de la Catalogne est rejeté par l'Espagne
- tremblement de terre au Mexique
58%
2014
- épidémie du virus Ebola en Afrique de l'ouest
- la Crimée est annexée par la Russie
- référendum sur l'indépendance en Écosse
58%
2011
- l'équipe de sécurité américaine qui observe les images de la mort d'Oussama Ben Laden
58%
2013
- élection du pape François
- attentat au marathon de Boston
- coup d'état en Égypte
49%
Aucun quiz correspondant
Distribution des résultats
% des personnes avec chaque résultat
Percentile par nombre de réponses
Votre historique - résultats
Vous n’avez pas pris ce quiz